Derecho Procesal Social / (Record no. 102324)

MARC details
000 -LEADER
campo de control de longitud fija 00474nam a2200157 i 4500
001 - NÚMERO DE CONTROL
campo de control 102324
003 - IDENTIFICADOR DE NÚMERO DE CONTROL
campo de control ES-MaACL
007 - CAMPO FIJO DE DESCRIPCIÓN FÍSICA--INFORMACIÓN GENERAL
campo de control de longitud fija t|
008 - DATOS DE LONGITUD FIJA--INFORMACIÓN GENERAL
campo de control de longitud fija 051108s1959 sp ||||1| spa d
100 1# - ENTRADA PRINCIPAL--NOMBRE DE PERSONA
Nombre de persona Menéndez Pidal y de Montes, Juan.
9 (RLIN) 80318
245 10 - MENCIÓN DEL TÍTULO
Título Derecho Procesal Social /
Mención de responsabilidad, etc. Juan Menéndez Pidal y de Montes.
260 ## - PUBLICACIÓN, DISTRIBUCIÓN, ETC.
Lugar de publicación, distribución, etc. Madrid :
Nombre del editor, distribuidor, etc. Revista de Derecho Privado,
Fecha de publicación, distribución, etc. 1959.
300 ## - DESCRIPCIÓN FÍSICA
Extensión 111 p. ;
Dimensiones 23 cm.
500 ## - NOTA GENERAL
Nota general Es el Apéndice.
852 ## - LOCALIZACIÓN
Ubicación ES-MaACL
Número de control de estantería E-4804
Sublocalización o colección R.43919
Holdings
Estatus retirado Estado de pérdida Estado de daño No para préstamo Biblioteca de origen Biblioteca actual Ubicación en estantería Fecha de adquisición Fuente de adquisición Total de préstamos Signatura topográfica completa Código de barras Visto por última vez Precio de reemplazo Tipo de ítem Koha
        Biblioteca del Ateneo de Madrid Biblioteca del Ateneo de Madrid Depósito 2 17/01/2008     E-4804 1106812 23/02/2023 23/02/2023 Libro impreso